Phrases cultes: les répliques politiques - Statistiques

Statistiques générales
  • Ce quiz a été pris 619 fois
  • Le résultat moyen est 4 sur 10
Statistiques - réponses
Citations Indices Personne l'ayant prononcée % Correct
Moi, Président de la République. Débat présidentiel du 2 mai 2012, cette phrase a été répétée seize fois, trois jours avant l'élection François Hollande
88%
J'ai fait à la France le don de ma personne. Le 17 juin 1940, le maréchal conclut un armistice avec les Allemands, se présentant tel un sauveur Philippe Pétain
83%
Vous n'avez pas le monopole du coeur. Phrase préparée et mémorisée lors du débat présidentiel de 1974 contre François Mitterand Valéry Giscard d'Estaing
83%
La démocratie, c'est le gouvernement du peuple par le peuple pour le peuple. En novembre 1863, la guerre de Sécession fait rage et le président rend hommage aux soldats morts Abraham Lincoln
79%
La présidentielle, oui, j'y pense, et pas seulement en me rasant. En 2003, il avoue devant les journalistes l'objectif de l'Elysée, après une carrière de ministre, de maire... Nicolas Sarkozy
77%
Le cléricalisme, voilà l'ennemi. Cette phrase conclut le discours du chef de l'opposition en 1877 sous la IIIe République Léon Gambetta
13%
Ce n'est pas la girouette qui tourne, c'est le vent. En 1966, il rentre dans le gouvernement Pompidou alors qu'il est un radical, il est alors exclu du parti Edgar Faure
8%
C'est bonnet blanc et blanc bonnet. Grand responsable du parti communiste, il finit troisième du premier tour en 1969 Jacques Duclos
8%
On ne tire pas sur une ambulance. Après l'élection de 1974, une grande journaliste qui soutient Giscard méprise le gaulliste Chaban-Delmas Françoise Giroud
5%
Que la République était belle sous l'Empire ! Grand historien qui commente les erreurs et les fautes commises sous la IIIème République, en 1885 Alphonse Aulard
1%
Aucun quiz correspondant
Distribution des résultats
% des personnes avec chaque résultat
Percentile par nombre de réponses
Votre historique - résultats
Vous n’avez pas pris ce quiz